Indian Refineries Ltd. (Record no. 88979)

MARC details
000 -LEADER
fixed length control field 00948cam a22002531 4500
001 - CONTROL NUMBER
control field sa 68019594
003 - CONTROL NUMBER IDENTIFIER
control field DLC
005 - DATE AND TIME OF LATEST TRANSACTION
control field 20260227112718.0
008 - FIXED-LENGTH DATA ELEMENTS--GENERAL INFORMATION
fixed length control field 940601s1966 ii 000 0 eng
010 ## - LIBRARY OF CONGRESS CONTROL NUMBER
LC control number sa 68019594
035 ## - SYSTEM CONTROL NUMBER
System control number (OCoLC)30525742
040 ## - CATALOGING SOURCE
Original cataloging agency DLC
Transcribing agency NcD
Modifying agency DLC
042 ## - AUTHENTICATION CODE
Authentication code premarc
050 00 - LIBRARY OF CONGRESS CALL NUMBER
Classification number HD9576.I44
Item number I54
110 1# - MAIN ENTRY--CORPORATE NAME
Corporate name or jurisdiction name as entry element India.
Subordinate unit Parliament.
-- Lok Sabha.
-- Committee on Public Undertakings.
245 10 - TITLE STATEMENT
Title Indian Refineries Ltd.
Remainder of title (since merged with the Indian Oil Corporation Ltd.) Ministry of Petroleum and Chemicals. Action taken by Government on the recommendations contained in the thirty-fourth report of the Estimates Committee (Third Lok Sabha)
260 ## - PUBLICATION, DISTRIBUTION, ETC.
Place of publication, distribution, etc. New Dehli,
Name of publisher, distributor, etc. Lok Sabha Secretariat,
Date of publication, distribution, etc. 1966.
300 ## - PHYSICAL DESCRIPTION
Extent v, 20, 2 p.
Dimensions 25 cm.
440 #0 - SERIES STATEMENT/ADDED ENTRY--TITLE
Title Report, 3d Lok Sabha,
Volume/sequential designation 14
500 ## - GENERAL NOTE
General note Cover title.
500 ## - GENERAL NOTE
General note Errata slip included.
500 ## - GENERAL NOTE
General note "C. P. U. no. 27."
650 #0 - SUBJECT ADDED ENTRY--TOPICAL TERM
Topical term or geographic name entry element Indian Refineries, ltd.

No items available.

Powered by Koha